000 01011nam0a22002291 4500
001 rc\4329928
005 20260407043210.0
035 _a(NLR Aleph) 008270101
090 _a8450886
_c8450886
100 _a20130416a19599999|||y0rusy50 ca
101 0 _arus
102 _aRU
105 _ay z |||||
200 1 _aТруды
_fМ-во здравоохранения РСФСР. Моск. науч.-исслед. ин-т педиатрии и детской хирургии
210 _aГорький
_cБ. и.
_d1959-
710 0 2 _aГорьковский научно-исследовательский педиатрический институт
_3RU\NLR\AUTH\8810015592
_9529046
801 0 _aRU
_bNLR
_gpsbo
801 1 _aRU
_bELAR
_2rusmarc
830 _aПеречень имеющихся в библиотеке томов, номеров, годов этого издания смотри в каталоге периодических изданий
852 _aNLR
_jП16/818
942 _cBOOK
980 _aNB